| 000 | 00000nam 2200000zi 4500 |
| 001 | 9.935208 |
| 003 | CaOODSP |
| 005 | 20250313105022 |
| 006 | m o d f |
| 007 | cr mn||||||||| |
| 008 | 240311s2021 onc o f000 0 eng d |
| 040 | |aCaOODSP|beng|erda|cCaOODSP |
| 043 | |an-cn-qu |
| 086 | 1 |aW93-81/2021E-PDF |
| 245 | 00|aOpen water swimming at Meech Lake : |bstakeholder consultation report, January to April 2021. |
| 264 | 1|a[Ottawa] : |bNational Capital Commission = Commission de la Capitale nationale, |c[2021] |
| 300 | |a1 online resource (10 pages) |
| 336 | |atext|btxt|2rdacontent |
| 337 | |acomputer|bc|2rdamedia |
| 338 | |aonline resource|bcr|2rdacarrier |
| 500 | |aIssued also in French under title: Nage en eau libre au lac Meech : rapport de consultation des parties intéressées, janvier à avril 2021. |
| 650 | 0|aOpen water swimming|zQuébec (Province)|zMeech Lake|xPublic opinion. |
| 650 | 0|aLakes|zRecreational use|zQuébec (Province)|zGatineau Park|xPublic opinion. |
| 710 | 1 |aCanada. |bNational Capital Commission, |eissuing body. |
| 775 | 08|tNage en eau libre au lac Meech : |w(CaOODSP)9.935209 |
| 856 | 40|qPDF|s325 KB|uhttps://publications.gc.ca/collections/collection_2024/ccn-ncc/W93-81-2021-eng.pdf |